|
|
|
|
| LEADER |
00831pam a22003018a 4500 |
| 001 |
00027830 |
| 005 |
20171026081022.0 |
| 008 |
111220s2002 ||||||Engsd |
| 020 |
# |
# |
|a 0194703363
|
| 041 |
0 |
# |
|a Eng
|
| 082 |
1 |
4 |
|a 428
|b A101
|
| 100 |
1 |
# |
|a Mark, Geraldine
|
| 245 |
1 |
0 |
|c Geraldine Mark, Ben Wetz, Nicholas Tims
|a Adventures
|b Teacher's book : starter
|
| 260 |
# |
# |
|a Oxford
|c 2002
|b Oxford Univ. Press
|
| 300 |
# |
# |
|a 185p.
|b ill.
|c 30cm.
|
| 650 |
# |
4 |
|a Tiếng Anh
|x Ngữ pháp
|
| 653 |
# |
# |
|a Anh ngữ thực hành
|
| 700 |
1 |
# |
|a Tims, Nicholas
|
| 700 |
1 |
# |
|a Wetz, Ben
|
| 852 |
# |
# |
|b Kho đọc
|j KD.0012295
|
| 852 |
# |
# |
|j KD.0012295
|
| 910 |
0 |
# |
|d 20/12/2011
|
| 980 |
# |
# |
|a Trung tâm Học liệu Lê Vũ Hùng, Trường Đại học Đồng Tháp
|